Statystyki dla Wiedza szkolna

Kliknij tutaj aby rozwiązać quiz!

Ogólne statystyki

  • Ten quiz został rozwiązany 583 razy
    (578 od ostatniego zresetowania)
  • Średni wynik to 9 z 14

Statystyki odpowiedzi

ZagadnienieOdpowiedź% Poprawnych
Jak nazywa się choroba która zaburza widzenie barw?Daltonizm
96%
Które zdanie jest zapisane poprawnie?Żołnierz wrócił wprost do domu z powszechnej na świecie misji
89%
4+6/2 wynosi?7
88%
Brąz jest stopem czego?Miedź i cyna
80%
Ile Polska ma sąsiadów?7
79%
5% z 50 wynosi?2,5
78%
Który z podanych gleb jest najżyźniejsza?Czarnoziemy
77%
Co w tablicy Mendelejewa oznacza symbol SG?Seaborg
77%
Które polis pozbywało się dzieci których nie były odpowiednie do ich wymagać?Sparta
66%
Ile występuję par chromosomów u zdrowego człowieka?23
47%
Kim był demagog?Doskonały mówca w starożytnej Grecji
44%
Ile lat musi mieć osoba starająca się na posła w Polsce?21
39%
W którym mieście zmarł Adam Mickiewicz?Istambuł
17%
Komu podlega NIK?Sejmowi
16%

Rozkład punktacji

Percentyl według liczby udzielonych odpowiedzi

Procent ludzi z każdym wynikiem

Twoja historia wyników

Nie rozwiązałeś tego quizu od ostatniego zresetowania